[Event "ROM-ch U12"]
[Site "Calimanesti"]
[Date "2018.03.30"]
[Round "5"]
[White "Rusu, Sebastian Robert"]
[Black "Plesca, Victor"]
[Result "1-0"]
[WhiteElo "1001"]
[BlackElo "1013"]
[PlyCount "33"]
[EventDate "2018.03.27"]
[EventType "swiss"]
[EventRounds "9"]
[EventCountry "ROU"]
[SourceTitle "CBM 183 Extra"]
[Source "ChessBase"]
[SourceDate "2018.04.19"]
[SourceVersion "1"]
[SourceVersionDate "2018.04.19"]
[SourceQuality "1"]

1. d4 d5 2. c4 dxc4 3. Nc3 e6 4. Nf3 Nf6 5. e4 c6 6. e5 Nd5 7. Bxc4 Be7 8. 0-0 Nd7 9. a4 b6 10. Be3 Bb7 11. Re1 0-0 12. Qd3 c5 13. Qe4 cxd4 14. Bxd4 Nc5 15. Bxc5 Bxc5 16. Bd3 Qc7 17. Qxh7# 1-0

[Event "ROM-ch U12"]
[Site "Calimanesti"]
[Date "2018.03.29"]
[Round "3"]
[White "Iordache, Alexandru Cristian"]
[Black "Rusu, Sebastian Robert"]
[Result "1-0"]
[WhiteElo "1373"]
[BlackElo "1001"]
[PlyCount "85"]
[EventDate "2018.03.27"]
[EventType "swiss"]
[EventRounds "9"]
[EventCountry "ROU"]
[SourceTitle "CBM 183 Extra"]
[Source "ChessBase"]
[SourceDate "2018.04.19"]
[SourceVersion "1"]
[SourceVersionDate "2018.04.19"]
[SourceQuality "1"]

1. e4 g6 2. Nf3 Bg7 3. d4 d6 4. Bc4 e5 5. dxe5 dxe5 6. Bxf7+ Ke7 7. Bg5+ Bf6 8. Qxd8+ Kxd8 9. Bxf6+ Nxf6 10. Nxe5 Nxe4 11. Bxg6 Nd6 12. Nf7+ Nxf7 13. Bxf7 Rf8 14. Bc4 Re8+ 15. Be2 Nc6 16. Nc3 Bg4 17. 0-0-0+ Bd7 18. Bg4 Ne5 19. Bxd7 Nxd7 20. Nd5 Rf8 21. f3 c6 22. Nc3 b5 23. a3 a5 24. Kb1 b4 25. axb4 axb4 26. Ne4 Kc7 27. Rd3 Ra7 28. Rhd1 Rd8 29. Nf6 Kb6 30. Rxd7 Rda8 31. Rxa7 Rxa7 32. Rd7 Ra5 33. Rxh7 c5 34. b3 Ra6 35. g4 Kb5 36. g5 c4 37. bxc4+ Kxc4 38. Rc7+ Kb5 39. h4 Ra3 40. g6 b3 41. Rb7+ Kc4 42. cxb3+ Rxb3+ 43. Rxb3 1-0